000 00441nam a2200181Ia 4500
001 16247
005 20260306170255.0
008 260306t2015||||xx |||||||||||||| ||und||
041 _aESP
082 _a347.51
_bG312
100 _aGaceta Jurídica
_eAUT
245 0 _aAcuerdos societarios:
_bnulidad e impugnación
260 _c2015
300 _a333 páginas :
_c25 cm.
650 _aGEN
654 _aCDE
942 _cLIB
_dJUS
_fJUS
_2ddc
_n
999 _c16247
_d16247